Statistiken für Top 15 Länder mit Covid-19-Todesfällen - 22. August

Klicken Sie hier um das Quiz zu spielen!

Allgemein

  • Dieses Quiz wurde 8 mal gespielt
  • Das Durchschnittsergebnis liegt bei 15 aus 20

Antwortstatistiken

Land% Korrekt
Vereinigte Staaten
100%
Brasilien
88%
Frankreich
88%
Indien
88%
Italien
88%
Spanien
88%
Vereinigtes Königreich
88%
Belgien
75%
Chile
75%
Iran
75%
Kolumbien
75%
Mexiko
75%
Peru
75%
Russland
75%
Niederlande
63%
Südafrika
63%
Bolivien
50%
Panama
50%
Schweden
50%
Irland
38%

Verteilung der Resultate

Perzentil nach korrekt beantworteten Fragen

Anzahl Personen mit jedem Resultat

Ihre Resultats-Entwicklung

Sie haben dieses Quiz noch nicht gespielt